Топлива и смазочные материалы для летательных аппаратов

Bibliographic Details
Main Author: Резников М. Е. Марк Евсеевич
Language:Russian
Published: Москва, Воениздат, 1973
Subjects:
Format: MixedMaterials Book
KOHA link:https://koha.lib.tpu.ru/cgi-bin/koha/opac-detail.pl?biblionumber=107120

MARC

LEADER 00000nam0a2200000 4500
001 107120
005 20231031115155.0
035 |a (RuTPU)RU\TPU\book\115661 
090 |a 107120 
100 |a 20061219d1973 m y0rusy50 ca 
101 0 |a rus 
102 |a RU 
105 |a a z 001zy 
200 1 |a Топлива и смазочные материалы для летательных аппаратов  |f М. Е. Резников 
210 |a Москва  |c Воениздат  |d 1973 
215 |a 323 с.  |c ил. 
320 |a Библиогр.: с. 224-228. 
610 1 |a авиационное топливо 
610 1 |a ракетное топливо 
610 1 |a авиационные масла 
610 1 |a технические жидкости 
675 |a 629.735.063  |v 3 
700 1 |a Резников  |b М. Е.  |g Марк Евсеевич 
801 1 |a RU  |b 63413507  |c 20061219  |g PSBO 
801 2 |a RU  |b 63413507  |c 20071106  |g PSBO 
942 |c BK